000 01345nam a2200241 a 4500
008 120416s1983 ||||||||||||||||| || u
020 _a0201100851
050 _aHF 5429 Arn
100 _aCapella, Louis M., 1943-
245 1 0 _aStrategic retail management
260 _aReading, Mass.
_bAddison-Wesley
_c1983
300 _axxvii, 708p.: ill
350 _a0.00
500 _aIncludes bibliographical references and index.
650 _aRETAIL TRADE--MANAGEMENT
700 _aArnold, Danny R., 1948-
700 _aSmith, Garry D., 1948-
995 _aMAIN LIBRARY OPEN ACCESS
_D0.00
_e004568
_FCBU-MAIN LIBRARY (Kitwe)
_H3
_I25.00
_jHF 5429 Arn
_M3
_UAVAILABLE
_y004568
_ZMain Library Open Access Collection
995 _aANNEX COLLECTION (Main Library)
_D0.00
_e710444
_FCBU-MAIN LIBRARY (Kitwe)
_H1
_I25.00
_jHF 5429 Arn
_M1
_UAVAILABLE
_y004566
_ZAnnex Low-Usage Collection
995 _aMAIN LIBRARY OPEN ACCESS
_D0.00
_e710443
_FCBU-MAIN LIBRARY (Kitwe)
_H4
_I25.00
_jHF 5429 Arn
_M4
_UAVAILABLE
_y004565
_ZMain Library Open Access Collection
995 _aANNEX COLLECTION (Main Library)
_D0.00
_e710442
_FCBU-MAIN LIBRARY (Kitwe)
_H2
_I25.00
_jHF 5429 Arn
_M2
_UAVAILABLE
_y004567
_ZAnnex Low-Usage Collection
995 _aTEXTBOOKS (SB)
_D0.00
_e1063
_FCBU-SCHOOL TEXTBOOK COLLECTIONS
_H1
_I0.00
_jSCHOOL TEXTBOOK
_M5
_UAVAILABLE
_WSep 15, 2009
_y1063
_ZSchool Collections
999 _c76867
_d76867